• 首页
  • 本馆介绍
  • 公告通知
  • 最新文献
  • 馆藏检索
  • 电子资源
  • 读者导购
  • 参考咨询
  • 我的图书馆
  • 登录
  • 详细信息显示
  • 放入我的书架
  • 预约/预借图书
  • 作者相关作品
  • 分类相关作品
  • 丛书相关作品
  • 出版社相关作品

书目信息

  • 表格格式
  • 工作单格式
  • 卡片格式
题名:
建国以来经济效果论文选
    
 
作者: 张卓元 , 吴敬琏 , 张问敏 编
分册:  
出版信息: 上海   上海人民出版社  1981.4
页数: 714页
开本: 19cm
丛书名:
单 册:
中图分类: F21
科图分类:
主题词: 经济计划
电子资源:
ISBN:
000 00637nam0 2200217 45
001 0304110990
005 20060812103328.09
010    @dCNY1.60
091    @a4074.454
100    @a20030411d1981 km y0chiy0120 ea
101 0  @achi
200 1  @a建国以来经济效果论文选@AJian Guo Yi Lai Jing Ji Xiao Guo Lun Wen Xuan@f张问敏,张卓元,吴敬琏等编@FZhang Wen Min,Zhang Zhuo Yuan,Wu Jing Lian Deng Bian
210    @a上海@c上海人民出版社@d1981.4
215    @a714页@d19cm
606 0  @a经济计划
690    @aF21@v3
701  0 @a张卓元@4编
701  0 @a吴敬琏@4编
701  0 @a张问敏@4编
801    @aCN@bTSTC@c20060812
905    @f1@b53792@dF21@e9
    
    建国以来经济效果论文选/张问敏,张卓元,吴敬琏等编.-上海:上海人民出版社,1981.4
    714页;19cm
    
    
    ISBN :CNY1.60
    
●
相关链接 在E读中查询图书 在五车中查询图书 在当当中查询图书 在豆瓣中查询图书


正题名:建国以来经济效果论文选     索取号:F21/9         预约/预借

序号 登录号 条形码 馆藏地/架位号 状态 备注
1 0053792   001792938   密集书库/ [索取号:F21/9] 在馆    
2 0053794   000206770   密集书库/ [索取号:F21/9] 在馆    
3 0053795   000203773   密集书库/ [索取号:F21/9] 在馆    
4 0053796   000203737   第一样本阅览室/ [索取号:F21/9] 在馆    
5 0449014   204490149   密集书库/ [索取号:F21/9] 在馆    
6 0449015   204490158   密集书库/ [索取号:F21/9] 在馆    
唐山师范学院图书馆 欢迎您!
大连网信软件有限公司© 版权所有